000 00541cam a2200205ua 4500
001 1851
005 20260515113417.0
008 110811n ii |||gr||||Z||||||asm
020 _a81-7339-108-4
040 _cMAIN
082 _a371.3
100 _aGoswami, Rajani Kanta,
_eAuthor.
245 1 _aShiksha danar padhati aru kausal
_cby Rajani Kanta Goswami
250 _a1st.
260 _aDibrugarh:
_bBanalata,995.
_aGuahati:
300 _a183p:
_c23cm.
653 _aEducation
653 _aShiksha danar padhati aru kausal
942 _cBK
999 _c1732
_d1732